01671cam a22002173a 450000100060000000300060000600500170001200800410002904000150007004200070008505000070009224501600009926000290025950509790028850600300126751600200129765300290131770000360134683000290138285600420141116266PGUSA20140828083340.0050712s2005||||xxu|||||s|||||000 | eng d aPGUSAbeng adc 4aBF10aHarvard Psychological Studies, Volume 1 :bContaining Sixteen Experimental Investigations from the Harvard Psychological Laboratory.h[electronic resource] bProject Gutenberg,c20050 aPreface, H. Münsterberg -- Studies in perception: Eye-movement and central anæsthesia, E.B. Holt. Tactual illusions, C.H. Rieber, Tactual time estimation, K. Dunlap. Perception of number through touch, J.F. Messenger. The subjective horizon, R. MacDougall. The illusion of resolution-stripes on the color-wheel, E.B. Holt -- Studies in memory: Recall of words, objects and movements, H.A. Peterson. Mutual inhibition of memory images, F. Meakin. Control of the memory image, C.S. Moore -- Studies in æsthetic processes: The structure of simple rhythm forms, R. MacDougall. Rhythm and rhyme, R.H. Stetson. Studies in symmetry, E.D. Puffer. The æsthetics of unequal division, R.P. Angier -- Studies in animal psychology: Habit formation in the crawfish, Camburus affinis, R.M. Yerkes and G.E. Huggins. The instincts, habits and reactions of the frog, R.M. Yerkes -- Studies in psychological theory: The position of psychology in the system of knowledge, H. Münsterberg. aPublic domain in the USA. aElectronic text aPsychology, Experimental1 aMünsterberg, Hugo,d1863-1916 0aProject Gutenbergv1626640uhttp://www.gutenberg.org/ebooks/16266